مصر التى نريدها : (Record no. 14433)
[ view plain ]
| 000 -الفاتح | |
|---|---|
| حقل البيانات ثابتة الطول | 00715nam a22002057a 4500 |
| 003 - محدد رقم الضبط | |
| رقم الضبط | OSt |
| 005 - وقت وتاريخ اخر تعامل مع التسجيلة | |
| رقم الضبط | 20201124142019.0 |
| 008 - عناصر البيانات ثابتة الطول - معلومات عامة | |
| حقل البيانات ثابتة الطول | 100707s1992 xxu||||| |||| 00| 0 ara d |
| 040 ## - مصدر الفهرسة | |
| وكالة الفهرسة الأصلية | dlc |
| 082 ## - رقم تصنيف ديوى العشرى | |
| رقم الطبعة | 22 |
| رقم التصنيف | 320.962 |
| رقم المادة | ع ب د |
| 100 1# - المدخل الرئيسى - إسم شخصى | |
| 9 (RLIN) | 8775 |
| الإسم الشخصى | عبد الله ، إسماعيل صبرى |
| 245 ## - بيان العنوان | |
| العنوان | مصر التى نريدها : |
| بقية العنوان | تقرير سياسى وبرنامج مرحلى / |
| بيان المسئوليه,etc | اسماعيل صبرى عبد الله |
| 260 ## - PUBLICATION, DISTRIBUTION, ETC. (IMPRINT) | |
| مكان الناشر او الموزع | القاهرة : |
| اسم الناشر او الموزع | دار الشروق ، |
| تاريخ النشر أو التوزيع | 1992. |
| 300 ## - الوصف المادى | |
| التعداد | 257 ص : |
| أبعاد الوعاء | 21 سم. |
| 500 ## - تبصرة عامة | |
| تبصرة عامة | يحتوى على فهارس |
| 541 ## - تبصرة المصدر المباشر للتزويد | |
| مصدر التزويد | ألف باء ؛ |
| طريقة التزويد | شراء ؛ |
| 650 ## - المدخل الاضافى بالموضوع-مصطلح موضوعى | |
| 9 (RLIN) | 16059 |
| مصطلح موضوعي أو اسم جغرافي كعنصر مدخل | النظم السياسية |
| مصدر الرأس أو المصطلح | BUEsh |
| 651 ## - المدخل الاضافى بالموضوع - اسم جغرافى | |
| مصدر الرأس أو المصطلح | BUEsh |
| 942 ## - عناصر المدخل الإضافي( كوها) | |
| مصدر التصنيف او مخطط الترفيف | Dewey Decimal Classification |
| Koha [default] item type | Book - Borrowing |
| حالة التراجع | حالة الفقد | مصدر التصنيف او خطة الترفيف | حالة تلف | ليس للاعارة | مجموعات كوها | المكان الدائم | المكان الحالي | موقع الترفيف | تاريخ الاكتساب | Source of acquisition | رقم الاستدعاء | الباركود | Date last seen | نوع الوعاء |
|---|---|---|---|---|---|---|---|---|---|---|---|---|---|---|
| Dewey Decimal Classification | Alef-Baa | Central Library | Central Library | First floor | 07/07/2010 | 320.962 عبد | 000021036 | 15/07/2025 | Book - Borrowing |